Members of Ateez - Statistics

General Stats
  • This quiz has been taken 896 times
  • The average score is 7 of 8
Answer Stats
Answer % Correct
San
97%
Mingi
95%
Wooyoung
90%
Hongjoong
87%
Yunho
87%
Yeosang
86%
Jongho
85%
Seonghwa
85%
No matching quizzes found
Score Distribution
Percent of People with Each Score
Percentile by Number Answered
Your Score History
You have not taken this quiz